00583nam a2200169Ia 4500003000500000005001700005008004100022020001800063050002200081100002100103245010300124260004900227300004500276500004900321650001400370700002900384SISC20181027093855.0181023s9999 xx 000 0 und d a9789719807605 aBL 80b.C823 2017 aCorral, Victoria aIntroduction to world religions for senior high school/cVictoria Corral, Genevieve Balance-Kupang aQuezon City:bC and E Publishing, Inc.c2017 aviii, 248 pages :billustrated ;c25 cm. aIncludes bibliographical reference and index aReligions aGenevieve Balance-Kupang